[Event "POL-chT3"]
[Site "Jastrzebia Gora POL"]
[Date "2016.09.09"]
[Round "7.5"]
[White "Szczepaniak, Lukasz"]
[Black "Dowgird, Filip"]
[Result "1-0"]
[WhiteElo "2173"]
[BlackElo "2238"]
[EventDate "2016.09.02"]

1.e4 Nc6 2.Nf3 e6 3.d4 d5 4.Nbd2 Nf6 5.e5 Nd7 6.Nb3 Be7 7.Bb5 O-O 8.O-O a5
9.a4 Ncb8 10.Be3 b6 11.Qd2 Ba6 12.Bg5 Bxb5 13.Bxe7 Qxe7 14.axb5 c6 15.bxc6
Nxc6 16.Nc1 f6 17.exf6 Rxf6 18.Ne2 Raf8 19.Ng3 Rxf3 20.gxf3 Qh4 21.Rfd1 
Rf4 22.Qe3 e5 23.Qb3 Nxd4 24.Qxd5+ Rf7 25.Rd3 Qf4 26.Rad1 Nf6 27.Qa8+ Rf8 
28.Qb7 h5 29.c3 Rf7 30.Qc8+ Rf8 31.Qc4+ Kh7 32.cxd4 e4 33.d5 Qg5 34.h4 
Qxh4 35.Rd4 Qg5 36.Rxe4 Nxe4 37.Qxe4+ Kh8 38.Kg2 Rf7 1-0

[Event "POL-chT3"]
[Site "Jastrzebia Gora POL"]
[Date "2016.09.09"]
[Round "7.6"]
[White "Majdan-gajewska, Joanna"]
[Black "Kantane, Anna"]
[Result "1/2-1/2"]
[WhiteElo "2362"]
[BlackElo "2248"]
[EventDate "2016.09.02"]

1.e4 c5 2.Nf3 d6 3.d4 cxd4 4.Nxd4 Nf6 5.Nc3 a6 6.Nb3 Nbd7 7.a4 g6 8.g4 h6 
9.Be3 Bg7 10.h4 Ne5 11.f3 Be6 12.Nd4 Qa5 13.Nxe6 fxe6 14.Ra3 Rc8 15.Rb3 
Qc7 16.Be2 Nfd7 17.Qd2 Nc4 18.Bxc4 Qxc4 19.Rxb7 Nc5 20.Ra7 Nxa4 21.Nxa4 
Qxa4 22.c3 Qb5 23.Qe2 Rb8 24.Rh2 Rf8 25.Qd1 Be5 26.Rg2 Bf4 27.Qd2 e5 28.b4
Qc4 29.Bxf4 Rxf4 30.Qe3 Qb3 31.Rxe7+ Kxe7 32.Qa7+ Ke6 33.Qxb8 Qxc3+ 34.Rd2
Qe3+ 35.Re2 Qc3+ 36.Rd2 Qe3+ 37.Re2 Qc3+ 1/2-1/2

[Event "POL-chT3"]
[Site "Jastrzebia Gora POL"]
[Date "2016.09.09"]
[Round "7.7"]
[White "Szwed, Jacek"]
[Black "Gajek, Radoslaw"]
[Result "1/2-1/2"]
[WhiteElo "2402"]
[BlackElo "2439"]
[EventDate "2016.09.02"]

1.e4 e5 2.Nf3 Nc6 3.Bb5 Nge7 4.Nc3 g6 5.d4 exd4 6.Nd5 Bg7 7.Bg5 h6 8.Bf6 
Bxf6 9.Nxf6+ Kf8 10.Qd2 Kg7 11.Nxd4 Ng8 12.Nxg8 Rxg8 13.f4 Qe7 14.O-O-O 
Qxe4 15.Bxc6 dxc6 16.Rhe1 Qd5 17.Ne6+ Bxe6 18.Qc3+ Kh7 19.Rxd5 Bxd5 20.Re7
Rge8 21.Qe5 Rxe7 22.Qxe7 b5 23.g4 a5 24.a3 a4 25.Kd2 Kg8 26.Kc3 Rf8 27.g5 
hxg5 28.fxg5 Kg7 29.Qe5+ Kg8 30.Qe7 Kg7 31.h4 Rh8 32.Qe5+ Kg8 33.Qe8+ Kg7 
34.Qe5+ Kg8 35.Qd4 Kh7 36.Qe5 Kg8 37.Qe1 Kg7 38.Qe5+ 1/2-1/2

[Event "POL-chT3"]
[Site "Jastrzebia Gora POL"]
[Date "2016.09.09"]
[Round "7.8"]
[White "Karpus, Michal"]
[Black "Jedynak, Radoslaw"]
[Result "1-0"]
[WhiteElo "2254"]
[BlackElo "2366"]
[EventDate "2016.09.02"]

1.e4 e6 2.d4 d5 3.Nd2 Nf6 4.e5 Nfd7 5.Bd3 c5 6.c3 Nc6 7.Ne2 cxd4 8.cxd4 f6
9.exf6 Qxf6 10.Nf3 Bd6 11.O-O h6 12.Ng3 Nf8 13.Re1 Bd7 14.Nh5 Qf7 15.Ne5 
Bxe5 16.dxe5 O-O-O 17.Bd2 Be8 18.Ng3 Ng6 19.Qc1 Rf8 20.Bb4 Qxf2+ 21.Kh1 
Nf4 22.Bf1 Bg6 23.Bc5 d4 24.Bxf8 Rxf8 25.Ne4 Bxe4 26.Rxe4 d3 27.Qe3 Qxb2 
28.Rd1 Qc2 29.Qe1 Qxa2 30.g3 Nd5 31.Bxd3 Rf2 32.Be2 Qc2 33.Qxf2 Qxe4+ 34.
Kg1 Qxe5 35.Bg4 a5 36.Re1 Qd4 37.Bxe6+ Kc7 38.Qxd4 Nxd4 39.Bxd5 Kd6 40.
Bxb7 1-0

[Event "POL-chT3"]
[Site "Jastrzebia Gora POL"]
[Date "2016.09.09"]
[Round "7.9"]
[White "Tymrakiewicz, Rafal"]
[Black "Krainski, Aleksander"]
[Result "1/2-1/2"]
[WhiteElo "2285"]
[BlackElo "2170"]
[EventDate "2016.09.02"]

1.d4 d5 2.Bf4 Nf6 3.e3 e6 4.Nf3 c5 5.c3 Nc6 6.Nbd2 Bd6 7.Bg3 O-O 8.Bd3 b6 
9.Ne5 Bb7 10.f4 Ne7 11.Qb1 g6 12.Bf2 c4 13.Bc2 b5 14.a3 a5 15.O-O Ne8 16.
g4 f6 17.Nef3 Rb8 18.Bg3 Qc7 19.h4 f5 20.gxf5 Nxf5 21.Qe1 Nf6 22.Ne5 Ne4 
23.Nxe4 dxe4 24.Bf2 Bxe5 25.fxe5 Bd5 26.Qe2 h5 27.Kg2 Qe7 28.Kh3 Rf7 29.
Rg1 Kh7 30.Rg5 Nh6 31.Rag1 Ng4 32.Bg3 b4 33.axb4 axb4 34.Bf4 bxc3 35.bxc3 
Rf5 36.Bd1 Qa3 37.R5xg4 hxg4+ 38.Qxg4 Rg8 39.Qg3 Qxc3 40.Bg4 Rxf4 41.Qxf4 
Qb4 42.Qg5 Qf8 43.Kg3 Qh6 44.Rc1 Rc8 45.Bd1 Rc7 46.Qxh6+ Kxh6 47.Rc3 g5 
48.hxg5+ Kxg5 49.Kf2 Kh4 50.Be2 Kh3 51.Bf1+ Kh2 52.Be2 Rf7+ 53.Ke1 Kg3 54.
Rc2 Rc7 55.Rc3 Ra7 56.Bd1 Ra1 57.Ke2 Kh4 58.Kd2 Kg5 59.Be2 Ra4 60.Rc1 Kg6 
61.Rg1+ Kf7 62.Rc1 Ke7 63.Bd1 Rb4 64.Bc2 Rb8 65.Rh1 Rg8 66.Rh7+ Kd8 67.Rh2
Kc7 68.Bd1 Rg1 69.Bc2 Ra1 70.Kc3 Ra3+ 71.Kb4 Rxe3 72.Kc5 Ra3 73.Rh7+ Kd8 
74.Kd6 Ra6+ 75.Kc5 Ke8 76.Rh3 Ra2 77.Bd1 Kf7 78.Bh5+ Kg7 79.Rg3+ Kh6 80.
Be8 Rd2 81.Rg6+ Kh7 82.Rg3 Rd3 83.Rg1 c3 84.Ba4 Kh6 85.Re1 Kg5 86.Bc2 Rd2 
87.Rc1 e3 88.Kb4 Rxd4+ 89.Kxc3 Rd2 90.Rf1 Bg2 91.Rf6 Bh3 92.Rf3 Bg4 93.
Rxe3 Rd8 94.Bd3 Bf5 95.Bc4 Kf4 96.Re1 Rh8 97.Kd4 Rd8+ 98.Kc3 Rd7 99.Re2 
Rd8 100.Re1 1/2-1/2

[Event "POL-chT3"]
[Site "Jastrzebia Gora POL"]
[Date "2016.09.09"]
[Round "7.10"]
[White "Karbowiak, Adam"]
[Black "Gmaj, Krzysztof"]
[Result "0-1"]
[WhiteElo "2114"]
[BlackElo "2192"]
[EventDate "2016.09.02"]

1.Nf3 f5 2.d4 Nf6 3.g3 g6 4.b4 c6 5.Bb2 Bg7 6.Bg2 Ne4 7.c4 d5 8.Qb3 Be6 9.
c5 Nd7 10.Nc3 h6 11.O-O O-O 12.Nxe4 fxe4 13.Nd2 Bf7 14.f3 exf3 15.exf3 e5 
16.Rae1 exd4 17.f4 a5 18.a3 axb4 19.axb4 b6 20.cxb6 Qxb6 21.Re7 Nf6 22.Rc1
Rfe8 23.Rxe8+ Rxe8 24.Qd3 Ng4 25.Nf3 Re3 26.Bxd4 Rxf3 27.Bxf3 Bxd4+ 28.Kg2
Bb2 29.Bxg4 Bxc1 30.Be6 Kf8 31.Bxf7 Kxf7 32.Qc3 Qe3 33.Qxc6 Qe2+ 34.Kh3 
Qe6+ 0-1

[Event "POL-chT3"]
[Site "Jastrzebia Gora POL"]
[Date "2016.09.09"]
[Round "7.11"]
[White "Morkisz, Bogdan"]
[Black "Szczesniak, Andrzej"]
[Result "0-1"]
[WhiteElo "2020"]
[BlackElo "1943"]
[EventDate "2016.09.02"]

1.e4 c5 2.Nc3 Nc6 3.g3 g6 4.Bg2 Bg7 5.d3 d6 6.Be3 e5 7.Qd2 h6 8.Nd5 Nge7 
9.Nxe7 Qxe7 10.c3 f5 11.Ne2 Be6 12.d4 Bc4 13.d5 Nd8 14.Bf3 Nf7 15.exf5 
gxf5 16.Bh5 O-O-O 17.b3 Bxe2 18.Bxe2 Ng5 19.O-O-O f4 20.gxf4 exf4 21.Bxf4 
Ne4 22.Bg4+ Kb8 23.Qe3 Rhe8 24.f3 Nxc3 25.Qxe7 Rxe7 26.Kc2 Nxd1 27.Kxd1 
Kc7 28.Kd2 Rf8 29.Bg3 Be5 30.Bf2 Bf4+ 31.Kd3 Re5 32.Kc4 Re2 33.Bg3 Re3 34.
Bf2 Re2 35.Bg3 a6 36.a4 Re3 37.Bf2 b5+ 38.axb5 axb5+ 39.Kxb5 Rb8+ 40.Ka4 
Rexb3 41.Be1 Rb2 42.Ba5+ Kb7 43.Ka3 Ka6 44.Bc7 R8b3+ 45.Ka4 c4 46.Bc8+ Ka7
47.Ra1 Rxh2 48.Bd7 Be5 49.Ra3 Rxa3+ 50.Kxa3 c3 51.Kb4 Rb2+ 0-1

[Event "POL-chT3"]
[Site "Jastrzebia Gora POL"]
[Date "2016.09.09"]
[Round "7.12"]
[White "Pacuszka, Wioletta"]
[Black "Kubicka, Anna"]
[Result "0-1"]
[WhiteElo "1923"]
[BlackElo "2239"]
[EventDate "2016.09.02"]

1.e4 d6 2.d4 Nf6 3.Nc3 e5 4.Nf3 Nbd7 5.Bc4 Be7 6.O-O O-O 7.h3 c6 8.a4 b6 
9.Re1 a6 10.Ba2 Bb7 11.Be3 Qc7 12.Qd3 b5 13.dxe5 dxe5 14.a5 Bb4 15.Bb6 
Nxb6 16.axb6 Qe7 17.Nh4 g6 18.Qg3 Kh8 19.Nf3 Rae8 20.Re3 Nh5 21.Qg5 f6 22.
Qh6 Rd8 23.Rd1 Rxd1+ 24.Nxd1 Rd8 25.Rd3 Rxd3 26.cxd3 Nf4 27.g3 Nxd3 28.Nh4
Qg7 29.Qe3 Nc5 30.Nc3 Nd7 31.Qd2 Bc5 32.Be6 Nf8 33.Qd8 Qe7 34.Qxe7 Bxe7 
35.Bb3 Bc5 36.Kf1 Bxb6 37.f4 exf4 38.gxf4 Bc7 39.Ng2 Bc8 40.h4 Kg7 41.Ne2 
Be6 42.Bxe6 Nxe6 43.Ke1 c5 44.Kd1 c4 45.Kc2 Nc5 46.Kc3 Nxe4+ 47.Kd4 f5 48.
Kd5 Bd8 49.Nd4 Bf6 50.Ne6+ Kh6 51.Nc7 Bxb2 52.Nxa6 Nc3+ 53.Kc5 Ba3+ 54.Kd4
Ne2+ 55.Ke3 Nc1 56.Kd2 Na2 57.Nc7 b4 58.Nb5 Bc1+ 59.Kc2 b3+ 60.Kb1 Bd2 61.
Kb2 Kh5 0-1

[Event "POL-chT3"]
[Site "Jastrzebia Gora POL"]
[Date "2016.09.09"]
[Round "7.13"]
[White "Wandzik, Wojciech"]
[Black "Sopur, Lech"]
[Result "0-1"]
[WhiteElo "2346"]
[BlackElo "2404"]
[EventDate "2016.09.02"]

1.e4 c5 2.Nf3 Nc6 3.d4 cxd4 4.Nxd4 Nf6 5.Nc3 e5 6.Ndb5 d6 7.Bg5 a6 8.Na3 
b5 9.Nd5 Be7 10.Bxf6 Bxf6 11.c3 Bg5 12.Nc2 Ne7 13.a4 bxa4 14.Rxa4 Nxd5 15.
exd5 O-O 16.Be2 Qb6 17.Rb4 Qa7 18.O-O a5 19.Rb3 Bd8 20.Kh1 Bd7 21.f4 Bf6 
22.Bd3 Rab8 23.Rxb8 Qxb8 24.Qa1 Bb5 25.Bxb5 Qxb5 26.fxe5 Bxe5 27.Ne3 Re8 
28.Ng4 Qxd5 29.Qa4 Rb8 30.Qd7 Qc4 31.Re1 h5 32.Nxe5 dxe5 33.Qf5 Rxb2 34.
Qxe5 Rb5 35.Qe8+ Kh7 36.h3 Qxc3 37.Rf1 Qc4 38.Rxf7 a4 39.Kh2 a3 40.Qe7 Rg5
41.Rf3 Ra5 42.Rg3 Qd4 43.Qe6 Qf6 44.Qe4+ g6 45.Rd3 a2 46.Rd7+ Kh6 47.Qe3+ 
g5 0-1

[Event "POL-chT3"]
[Site "Jastrzebia Gora POL"]
[Date "2016.09.09"]
[Round "7.14"]
[White "Lewtak, Damian"]
[Black "Mroziak, Maciej"]
[Result "1-0"]
[WhiteElo "2333"]
[BlackElo "2338"]
[EventDate "2016.09.02"]

1.d4 Nf6 2.c4 g6 3.Nc3 d5 4.Nf3 Bg7 5.e3 O-O 6.Be2 c5 7.dxc5 Qa5 8.O-O 
dxc4 9.Qd4 Nbd7 10.Qxc4 Qxc5 11.Qh4 h6 12.Rd1 Nb6 13.e4 g5 14.Bxg5 hxg5 
15.Nxg5 Re8 16.Rac1 Qb4 17.a3 Qxb2 18.e5 Bf5 19.Qf4 Bg6 20.Bd3 Rad8 21.
Bxg6 fxg6 22.Re1 Rc8 23.Qh4 Nbd5 24.exf6 exf6 25.Nxd5 fxg5 26.Ne7+ Kf7 27.
Qe4 Be5 28.Rxc8 Rxe7 29.Qd5+ Kg7 30.Qg8+ 1-0

[Event "POL-chT3"]
[Site "Jastrzebia Gora POL"]
[Date "2016.09.09"]
[Round "7.15"]
[White "Lizak, Jakub"]
[Black "Orzech, Dominik"]
[Result "0-1"]
[WhiteElo "2146"]
[BlackElo "2378"]
[EventDate "2016.09.02"]

1.b3 Nf6 2.Bb2 g6 3.Bxf6 exf6 4.c4 Nc6 5.Nc3 Ba3 6.g3 O-O 7.Bg2 Re8 8.Nh3 
d6 9.Nf4 Bf5 10.Nb5 Bb2 11.Rb1 Be5 12.Nd5 Bxb1 13.Qxb1 Rc8 14.f4 Bd4 15.
Qd3 Bb6 16.g4 a6 17.Nbc3 Bd4 18.h4 Re6 19.Ne4 b5 20.h5 g5 21.e3 bxc4 22.
bxc4 Bb2 23.O-O Rb8 24.fxg5 fxg5 25.Rf5 h6 26.Qf1 Qd7 27.d4 Kg7 28.Ndf6 
Qd8 29.Nh7 Qe7 30.Nhf6 Nxd4 31.Nd5 Nxf5 32.Qxf5 Qd8 33.Ng3 c6 34.Be4 Rxe4 
0-1

[Event "POL-chT3"]
[Site "Jastrzebia Gora POL"]
[Date "2016.09.09"]
[Round "7.16"]
[White "Kowalczyk, Rafal"]
[Black "Gola, Karol"]
[Result "1/2-1/2"]
[WhiteElo "2241"]
[BlackElo "2191"]
[EventDate "2016.09.02"]

1.c4 e6 2.d4 d5 3.Nc3 Nf6 4.cxd5 exd5 5.Bg5 Be7 6.Qc2 c6 7.e3 Nbd7 8.Bd3 
O-O 9.Nf3 Re8 10.O-O h6 11.Bf4 Nf8 12.h3 Bd6 13.Bxd6 Qxd6 14.Ne5 N6d7 15.
f4 f6 16.Ng4 h5 17.Bg6 hxg4 18.Bxe8 Qe7 19.Bxd7 Qxe3+ 20.Qf2 Qxf2+ 21.Kxf2
Bxd7 22.hxg4 Bxg4 23.Kg3 f5 24.Rfe1 Kf7 25.Re3 Ne6 26.Rae1 Re8 27.Kf2 Re7 
28.b4 Re8 29.Na4 b6 30.Nb2 Kf6 31.Nd3 Bh5 32.Ne5 Bf7 33.g3 a6 34.a4 a5 35.
b5 cxb5 36.axb5 Re7 37.Nxf7 Kxf7 38.Re5 g6 39.Rxd5 Nc7 40.Rd6 Rxe1 41.Kxe1
Nxb5 42.Rxb6 Nxd4 43.Ra6 g5 44.Rxa5 gxf4 45.gxf4 Kf6 46.Kf2 Ne6 47.Ke3 Nf8
48.Ra6+ Ne6 49.Ra8 Kf7 50.Rh8 Kg7 51.Rh5 Kg6 52.Rh4 Kg7 53.Kd3 Nf8 54.Rh1 
Ne6 55.Rf1 Kf6 56.Kc4 Nf8 57.Rd1 Ne6 58.Rf1 Nf8 59.Kd4 Ng6 60.Ke3 Nf8 61.
Rh1 Ng6 62.Rh7 Nf8 63.Rb7 Ne6 64.Rb6 Kf7 65.Kf3 Nf8 66.Kf2 Ne6 67.Kg3 Kf6 
68.Ra6 Kf7 69.Rc6 Kf6 70.Kh4 Kf7 71.Rc4 Kf6 72.Ra4 Kg6 73.Ra6 Kf6 74.Kh5 
Kf7 75.Kh6 Kf6 76.Kh7 Kf7 77.Ra4 Kf6 78.Kg8 Ke7 79.Ra7+ Kf6 80.Ra6 Ke7 81.
Kh7 Kf7 82.Kh6 Kf6 83.Kh5 Kf7 84.Ra1 Kf6 85.Rf1 Nf8 86.Rg1 Ne6 87.Rg6+ Kf7
88.Rh6 Nxf4+ 89.Kg5 Ne6+ 90.Kxf5 Ng7+ 91.Ke5 Ke7 92.Rg6 Kf7 93.Ra6 Ne8 94.
Kf4 Ke7 95.Kf5 Nd6+ 96.Ke5 Nf7+ 97.Kd5 Nd8 98.Rb6 Nf7 99.Re6+ Kd7 100.Re1 
Nd8 101.Rh1 Nf7 102.Ra1 Ke7 103.Ra7+ Kf6 104.Ra6+ Kf5 105.Rb6 Ng5 106.Rb1 
Kf4 107.Rf1+ Nf3 108.Rxf3+ Kxf3 109.Ke4 1/2-1/2

[Event "POL-chT3"]
[Site "Jastrzebia Gora POL"]
[Date "2016.09.09"]
[Round "7.17"]
[White "Kalmuk, Krzysztof"]
[Black "Rawicz, Karol"]
[Result "1/2-1/2"]
[WhiteElo "2004"]
[BlackElo "2216"]
[EventDate "2016.09.02"]

1.Nf3 d5 2.g3 Nf6 3.Bg2 c6 4.O-O Bf5 5.d4 e6 6.c4 Nbd7 7.Nc3 h6 8.Qb3 Qb6 
9.c5 Qxb3 10.axb3 a6 11.b4 Rc8 12.Bf4 g5 13.Be5 Be7 14.h3 Nxe5 15.Nxe5 Nd7
16.e4 dxe4 17.Nxe4 Nxe5 18.dxe5 Bxe4 19.Bxe4 O-O 20.Rfd1 Rfd8 21.Kg2 Rxd1 
22.Rxd1 Rd8 23.Rxd8+ Bxd8 24.b3 Bc7 25.f4 Bd8 26.Kf3 gxf4 27.gxf4 Bh4 28.
f5 Be1 29.fxe6 fxe6 30.Bg6 Kf8 31.Ke4 Bxb4 32.Kd4 Be1 33.Bh5 Ke7 34.Bg6 
Kf8 35.Bh5 Ke7 36.Bg6 Kf8 37.Bh5 Ke7 38.Bg6 Kf8 39.Ke4 1/2-1/2

[Event "POL-chT3"]
[Site "Jastrzebia Gora POL"]
[Date "2016.09.09"]
[Round "7.18"]
[White "Sliwicka, Alicja"]
[Black "Szydlowska-duda, Marta"]
[Result "1-0"]
[WhiteElo "2092"]
[BlackElo "2002"]
[EventDate "2016.09.02"]

1.e4 d5 2.exd5 Qxd5 3.Nf3 Bg4 4.Be2 Nc6 5.d4 O-O-O 6.Be3 Nf6 7.O-O e5 8.c4
Qa5 9.d5 Bc5 10.Bd2 Bb4 11.dxc6 Bxf3 12.Bxf3 Bxd2 13.cxb7+ Kb8 14.Nxd2 
Rxd2 15.Qe1 Rhd8 16.b4 Qxb4 17.Qxe5 Re8 18.Qg5 Ne4 19.Qxg7 Qxc4 20.Rac1 
Qxa2 21.Bxe4 Rxe4 22.Qh8+ Kxb7 23.Rb1+ Kc6 24.Qa8+ 1-0

[Event "POL-chT3"]
[Site "Jastrzebia Gora POL"]
[Date "2016.09.09"]
[Round "7.19"]
[White "Winiarski, Mikolaj"]
[Black "Mucha, Roman"]
[Result "1/2-1/2"]
[WhiteElo "2300"]
[BlackElo "2190"]
[EventDate "2016.09.02"]

1.d4 g6 2.g3 Bg7 3.Bg2 d6 4.e4 Nf6 5.c4 e5 6.d5 a5 7.Nc3 Na6 8.Nge2 O-O 9.
O-O Nd7 10.Be3 Ndc5 11.a3 Bd7 12.Bxc5 Nxc5 13.b4 Na6 14.Qb3 Kh8 15.Ra2 f5 
16.exf5 gxf5 17.g4 fxg4 18.Ne4 Bf5 19.N2g3 Bg6 20.c5 Rf4 21.cxd6 cxd6 22.
Rc1 h5 23.b5 Nc7 24.Rac2 Ne8 25.Rc4 h4 26.Ne2 Rf5 27.h3 gxh3 28.Qxh3 Kg8 
29.Qg4 Kh7 30.Bh3 Bh6 31.R1c3 Rf7 32.Rc8 Rxc8 33.Rxc8 Qe7 34.Rxe8 Qxe8 35.
Nxd6 Qe7 36.Nxf7 Bxf7 37.Bg2 Bf8 38.Be4+ Kh6 39.Kf1 Qf6 40.a4 Bc5 41.f3 b6
42.Kg2 Bh5 43.Qc8 Bg6 44.Qc6 Kg5 45.Ng1 Be7 46.Nh3+ Kh5 47.Qc8 Bxe4 48.
Qg4+ Kh6 49.fxe4 Bc5 50.Qg8 Be3 51.Qg4 Bc5 52.Qg8 Be3 53.d6 Qxd6 54.Qh8+ 
Kg6 55.Qxh4 Bh6 56.Qg4+ Kh7 57.Qf5+ Kg7 58.Nf2 Bf4 59.Ng4 Qd2+ 60.Nf2 Qd6 
61.Nh3 Qd2+ 62.Nf2 1/2-1/2

[Event "POL-chT3"]
[Site "Jastrzebia Gora POL"]
[Date "2016.09.09"]
[Round "7.20"]
[White "Bus, Konrad"]
[Black "Rozycki, Bartlomiej"]
[Result "1-0"]
[WhiteElo "2245"]
[BlackElo "2140"]
[EventDate "2016.09.02"]

1.d4 Nf6 2.c4 e6 3.Nc3 Bb4 4.Nf3 d5 5.cxd5 exd5 6.Qa4+ Nc6 7.Bg5 h6 8.Bxf6
Qxf6 9.e3 O-O 10.Be2 Qg6 11.O-O Bh3 12.Ne1 a6 13.Nxd5 Bxe1 14.Nf4 Qf6 15.
Rfxe1 Bd7 16.Qc4 Rac8 17.Bf3 Nd8 18.b4 Bb5 19.Qc3 g5 20.Nd3 Bxd3 21.Qxd3 
Qb6 22.Qf5 Qe6 23.Qxe6 fxe6 24.Rac1 c6 25.Rc5 Kf7 26.Rec1 Kf6 27.a4 Rb8 
28.Rb1 Rf7 29.h4 gxh4 30.Rh5 Kg6 31.Rxh4 Rf6 32.e4 e5 33.dxe5 Re6 34.Bh5+ 
Kg5 35.g3 1-0

[Event "POL-chT3"]
[Site "Jastrzebia Gora POL"]
[Date "2016.09.09"]
[Round "7.21"]
[White "Praczukowski, Stanislaw"]
[Black "Bednarczyk, Damian"]
[Result "1/2-1/2"]
[WhiteElo "2100"]
[BlackElo "2158"]
[EventDate "2016.09.02"]

1.e4 c5 2.Nf3 d6 3.d4 cxd4 4.Nxd4 Nf6 5.Nc3 a6 6.g3 e5 7.Nb3 Be7 8.Bg2 O-O
9.O-O Qc7 10.Re1 Nbd7 11.Nd2 b5 12.Nf1 b4 13.Nd5 Nxd5 14.exd5 f5 15.Bd2 
Rb8 16.c3 bxc3 17.Bxc3 f4 18.Rc1 Qb6 19.Bd4 Qd8 20.Bc3 Qb6 21.gxf4 Rxf4 
22.Ne3 Bh4 23.Rc2 Nf6 24.Bf3 Ne4 25.Bxe4 Rxe4 26.Ng2 Rg4 27.Kh1 Bf5 28.
Rce2 Rf8 29.h3 Rc4 30.Ne3 Be4+ 31.Kh2 Rc7 32.Qa4 Rf4 33.Ba5 Qb7 34.Bxc7 
Qxc7 35.Qe8+ Rf8 36.Qe6+ Kh8 37.Qg4 Rf4 38.Qg1 Qf7 39.Ng2 Bxd5 40.Nxh4 
Rxh4 41.Qg5 Rh6 42.Qd8+ Qg8 43.Qxg8+ Kxg8 44.a3 Kf7 45.Rd2 Bf3 46.Re3 e4 
47.Rd5 Ke6 48.Rg5 Kf6 49.Rd5 Ke6 50.Rg5 Kf6 51.Rd5 Ke6 52.Rg5 Kf6 53.Rg3 
Rh5 1/2-1/2

[Event "POL-chT3"]
[Site "Jastrzebia Gora POL"]
[Date "2016.09.09"]
[Round "7.22"]
[White "Slezak, Robert"]
[Black "Kokoszczynski, Jan"]
[Result "1/2-1/2"]
[WhiteElo "2134"]
[BlackElo "1962"]
[EventDate "2016.09.02"]

1.e4 c5 2.Nf3 d6 3.d4 cxd4 4.Qxd4 Nc6 5.Bb5 Nf6 6.e5 Qa5+ 7.Nc3 Qxb5 8.
Nxb5 Nxd4 9.Nbxd4 dxe5 10.Nxe5 e6 11.O-O Bc5 12.Nb3 Be7 13.Bg5 h6 14.Bh4 
g5 15.Bg3 Ne4 16.Rfe1 Nxg3 17.hxg3 b6 18.Rad1 O-O 19.Nd4 Bb7 20.Ndc6 Bxc6 
21.Nxc6 Bf6 22.c3 Rfc8 23.Rd6 Rc7 24.a3 Rac8 25.Nb4 Be7 26.Rd4 a5 27.Nc2 
Kf8 28.Kf1 Ke8 29.Red1 f5 30.Ke2 Kf7 31.Ne3 b5 32.Rd7 Ke8 33.Rxc7 Rxc7 34.
Nc2 Kf7 35.Rh1 Bf8 36.Nd4 Rc5 37.Nb3 Re5+ 38.Kd3 Rd5+ 39.Ke2 a4 40.Nc1 e5 
41.f3 Ke6 42.Nd3 Rd8 43.Nf2 e4 44.fxe4 fxe4 45.Nxe4 Kf5 46.Nf2 Bc5 47.g4+ 
Ke5 48.Nd3+ Kd5 49.Nb4+ Kc4 50.Rh3 Re8+ 51.Kd2 Re4 52.Nd3 Bd6 53.Rxh6 Bf4+
54.Nxf4 Rxf4 55.Rc6+ Kd5 56.Rb6 Kc5 57.Re6 Rxg4 58.Re2 Rg3 1/2-1/2

[Event "POL-chT3"]
[Site "Jastrzebia Gora POL"]
[Date "2016.09.09"]
[Round "7.23"]
[White "Wisniewski, Jacek"]
[Black "Sleczka, Bartosz"]
[Result "0-1"]
[WhiteElo "1924"]
[BlackElo "1933"]
[EventDate "2016.09.02"]

1.e4 e5 2.Nf3 Nc6 3.Bc4 Bc5 4.c3 Nf6 5.d4 exd4 6.e5 d5 7.Bb5 Ne4 8.cxd4 
Bb4+ 9.Nbd2 O-O 10.O-O Bg4 11.Bxc6 bxc6 12.Qc2 c5 13.Nxe4 dxe4 14.Ng5 Qxd4
15.a3 Ba5 16.Bf4 Rab8 17.Rab1 f6 18.exf6 gxf6 19.Be3 Qd3 20.Qxc5 Rb5 21.
Qe7 fxg5 22.Bc5 Rxc5 23.Qxc5 Qd2 24.Qc4+ Rf7 25.Qxe4 Bf5 26.Qe8+ Rf8 27.
Qh5 Bxb1 28.f4 Bb6+ 29.Kh1 Bg6 0-1

[Event "POL-chT3"]
[Site "Jastrzebia Gora POL"]
[Date "2016.09.09"]
[Round "7.24"]
[White "Mucha, Magdalena"]
[Black "Olechnicka, Karolina"]
[Result "1-0"]
[WhiteElo "1947"]
[BlackElo "1887"]
[EventDate "2016.09.02"]

1.e4 c5 2.Nf3 d6 3.d4 cxd4 4.Qxd4 Nf6 5.Nc3 Nc6 6.Bb5 Bd7 7.Bxc6 Bxc6 8.
Bg5 e6 9.O-O-O Be7 10.Qd3 O-O 11.Nd4 Qa5 12.f4 Rac8 13.Kb1 Rfe8 14.Rhe1 h6
15.Bxf6 Bxf6 16.g4 Red8 17.h4 Qb6 18.Nce2 Ba4 19.b3 Rc5 20.g5 Be7 21.gxh6 
Rdc8 22.Rg1 Bf6 23.Rc1 g6 24.f5 exf5 25.exf5 Rd5 26.fxg6 Bxd4 27.Qf3 1-0

[Event "POL-chT3"]
[Site "Jastrzebia Gora POL"]
[Date "2016.09.09"]
[Round "7.25"]
[White "Garbowski, Jakub"]
[Black "Licznerski, Lukasz"]
[Result "1/2-1/2"]
[WhiteElo "2030"]
[BlackElo "2260"]
[EventDate "2016.09.02"]

1.e4 d6 2.d4 Nf6 3.Nc3 e5 4.Nf3 Nbd7 5.Bd3 c6 6.O-O Be7 7.Ne2 exd4 8.Nfxd4
Nc5 9.Ng3 g6 10.h3 h5 11.Re1 h4 12.Nf1 Nxd3 13.Qxd3 O-O 14.Bg5 Nh5 15.Bh6 
Re8 16.Rad1 Qa5 17.Bd2 Qe5 18.c3 Bd7 19.Nh2 Rad8 20.Nhf3 Qg7 21.Bc1 Bc8 
22.Qc2 a6 23.Ne2 b5 24.c4 b4 25.Ned4 Bd7 26.c5 dxc5 27.Nb3 Qf8 28.Be3 Be6 
29.Nxc5 Bc8 30.Ne5 Rxd1 31.Rxd1 Rd8 32.Rxd8 Bxd8 33.Nxc6 a5 34.Nxd8 Qxd8 
35.Qd2 Qxd2 36.Bxd2 Nf6 37.Bg5 Nd7 38.Nd3 Ba6 39.Ne1 Nc5 40.Bxh4 Nxe4 41.
f3 Nc5 42.Bd8 a4 43.Be7 Nd3 44.Nxd3 Bxd3 45.Bxb4 Bc4 46.a3 f5 47.Kf2 Kf7 
48.h4 Ke6 49.Ke3 Bf1 50.g3 Bc4 51.Kf4 Bd5 52.Bc3 Bc6 53.g4 fxg4 54.fxg4 
Bd5 55.Kg5 Be4 56.Kh6 Kf7 57.b4 axb3 58.a4 Ke6 59.h5 gxh5 60.Kxh5 1/2-1/2

[Event "POL-chT3"]
[Site "Jastrzebia Gora POL"]
[Date "2016.09.09"]
[Round "7.26"]
[White "Zielinski, Maciej"]
[Black "Siedlinski, Piotr"]
[Result "1-0"]
[WhiteElo "2111"]
[BlackElo "2107"]
[EventDate "2016.09.02"]

1.e4 d5 2.exd5 Qxd5 3.Nc3 Qa5 4.g3 Nf6 5.Bg2 c6 6.d4 Bf5 7.Ne2 e6 8.O-O 
Be7 9.h3 Nbd7 10.g4 Bg6 11.Nf4 Nd5 12.Ncxd5 cxd5 13.c4 dxc4 14.d5 e5 15.d6
Bd8 16.Bxb7 Rb8 17.Bc6 Rb6 18.Bxd7+ Kxd7 19.Nxg6 hxg6 20.Qf3 f6 21.Rd1 
Rxd6 22.Be3 Bc7 23.Qb7 Rd8 24.b4 cxb3 25.axb3 Rxd1+ 26.Rxd1+ Ke7 27.Rc1 
Rd7 28.Bc5+ Ke8 29.Qc6 Bb6 30.Qe6+ 1-0

[Event "POL-chT3"]
[Site "Jastrzebia Gora POL"]
[Date "2016.09.09"]
[Round "7.27"]
[White "Rosicki, Marcin"]
[Black "Zielinski, Wojciech"]
[Result "1-0"]
[WhiteElo "1887"]
[BlackElo "2136"]
[EventDate "2016.09.02"]

1.e4 e6 2.Nf3 d5 3.Nc3 dxe4 4.Nxe4 Nf6 5.Nxf6+ Qxf6 6.d4 h6 7.Bd3 Bd6 8.
O-O Bd7 9.Re1 Bc6 10.Ne5 Bxe5 11.dxe5 Qh4 12.c3 Nd7 13.b4 Rd8 14.Qe2 b6 
15.Bc2 O-O 16.f4 Rfe8 17.Be3 Nf8 18.a4 Ng6 19.Rf1 Ne7 20.a5 Nd5 21.axb6 
axb6 22.Bd2 Ra8 23.Rxa8 Rxa8 24.c4 Ra2 25.cxd5 Bxd5 26.Be1 Qd8 27.Qd3 g6 
28.Bc3 Qa8 29.Rf2 Qc6 30.Bd4 Bc4 31.Qc3 Qd5 32.Rd2 b5 33.Bc5 Qa8 34.Qd4 
Bd5 35.Qe3 Ra1+ 36.Rd1 Ra2 37.Qd3 Ra3 38.Qxb5 Bxg2 39.Be7 Bd5 40.Qd7 Qa7+ 
41.Bc5 Qb8 42.Rxd5 exd5 43.e6 1-0

[Event "POL-chT3"]
[Site "Jastrzebia Gora POL"]
[Date "2016.09.09"]
[Round "7.28"]
[White "Grzelak, Artur"]
[Black "Guzik, Jolanta"]
[Result "1/2-1/2"]
[WhiteElo "2141"]
[BlackElo "1990"]
[EventDate "2016.09.02"]

1.d4 g6 2.Nf3 Bg7 3.Bf4 d6 4.e3 Nf6 5.Be2 Nbd7 6.c4 c6 7.Nc3 Qa5 8.O-O Nh5
9.Bg5 h6 10.Bh4 g5 11.Nd2 Nf4 12.exf4 gxh4 13.Re1 Nf6 14.Bd3 Qh5 15.f3 Bf5
16.Qe2 O-O 17.Rad1 Rfe8 18.Nde4 d5 19.Nf2 Bxd3 20.Qxd3 dxc4 21.Qxc4 Nd5 
22.Nxd5 Qxd5 23.Qxd5 cxd5 24.Ng4 Rac8 25.Ne3 e6 26.Kf2 Kf8 27.Ke2 Rc6 28.
Kd3 Rec8 29.Rd2 h5 30.Rc2 Rxc2 31.Nxc2 Ke7 32.f5 Kd6 1/2-1/2

[Event "POL-chT3"]
[Site "Jastrzebia Gora POL"]
[Date "2016.09.09"]
[Round "7.29"]
[White "Korcz, Daniel"]
[Black "Fengier, Winicjusz"]
[Result "1/2-1/2"]
[WhiteElo "1784"]
[BlackElo "2054"]
[EventDate "2016.09.02"]

1.e4 g6 2.d4 Bg7 3.f4 c5 4.Nf3 Nc6 5.d5 Nd4 6.c3 Nxf3+ 7.Qxf3 d6 8.Bb5+ 
Bd7 9.Bxd7+ Qxd7 10.O-O e6 11.Nd2 exd5 12.exd5 Ne7 13.Nc4 O-O 14.Bd2 b5 
15.Ne3 f5 16.Rae1 Rae8 17.b3 Kh8 18.Re2 Ng8 19.Rfe1 Nf6 20.Nf1 Rxe2 21.
Rxe2 Ne4 22.Be1 Re8 23.Ng3 Nf6 24.c4 b4 25.Bf2 a5 26.Rxe8+ Nxe8 27.Qe2 Bf6
28.Nf1 Ng7 29.Qd1 Bc3 30.Qe2 Nh5 31.Qf3 Nf6 32.Ng3 a4 33.Qe2 a3 34.h3 Bb2 
35.Kf1 h5 36.h4 Ng4 37.Be3 Qe7 38.Bd2 Bf6 39.Qxe7 Bxe7 40.Nh1 Bxh4 41.g3 
Bf6 42.Nf2 Nxf2 43.Kxf2 Kh7 44.Kf3 Kh6 45.Be1 g5 46.fxg5+ Bxg5 47.Bf2 Kg6 
48.Bg1 Kf6 49.Bf2 Ke5 50.Bg1 Bc1 51.Bf2 f4 52.gxf4+ Bxf4 53.Bh4 Kf5 54.Be7
Be5 55.Bh4 Bf6 56.Bg3 Be7 57.Bf4 Bf8 58.Bg3 Be7 59.Ke3 Bf6 1/2-1/2

[Event "POL-chT3"]
[Site "Jastrzebia Gora POL"]
[Date "2016.09.09"]
[Round "7.30"]
[White "Jedrocha, Katarzyna"]
[Black "Pluta, Natalia"]
[Result "1-0"]
[WhiteElo "1893"]
[BlackElo "1623"]
[EventDate "2016.09.02"]

1.e4 d5 2.exd5 Qxd5 3.Nf3 Nf6 4.d4 Bg4 5.Be2 e6 6.O-O Be7 7.c4 Qd8 8.Nc3 
O-O 9.Be3 Nbd7 10.h3 Bf5 11.a3 c5 12.Rc1 cxd4 13.Nxd4 Nc5 14.Nxf5 exf5 15.
Qc2 Nfe4 16.Rfd1 Qb8 17.Nd5 Bd6 18.Bf3 Re8 19.b4 Nd7 20.c5 Bh2+ 21.Kh1 Nf8
22.c6 bxc6 23.Qxc6 Ng6 24.Qd7 Nh4 25.Bxe4 fxe4 26.Nc7 Bxc7 27.Rxc7 Rf8 28.
Bc5 a5 29.b5 Ng6 30.Bxf8 Qxf8 31.b6 Ne5 32.Qf5 Nd3 33.b7 Rd8 34.Kg1 g6 35.
Qxe4 1-0

[Event "POL-chT3"]
[Site "Jastrzebia Gora POL"]
[Date "2016.09.09"]
[Round "7.31"]
[White "Helis, Tadeusz"]
[Black "Stanach, Fabian"]
[Result "1-0"]
[WhiteElo "2241"]
[BlackElo "2062"]
[EventDate "2016.09.02"]

1.d4 c5 2.e3 Nf6 3.Nf3 g6 4.Nbd2 cxd4 5.exd4 d5 6.Bd3 Bg7 7.O-O O-O 8.c3 
b6 9.Re1 Bb7 10.Ne5 Nbd7 11.Qe2 Rc8 12.Ndf3 Ne4 13.Nxd7 Qxd7 14.Ne5 Bxe5 
15.dxe5 Nc5 16.Bh6 Rfd8 17.Rad1 Nxd3 18.Qxd3 Qg4 19.f3 Qh5 20.Qe3 Rc6 21.
Rd4 Qf5 22.Qd2 Qe6 23.Rh4 Qf5 24.Bg5 Re6 25.Bf4 Ba6 26.Bg3 Bd3 27.Rf4 1-0